| 000 | 00535nam a2200217 a 4500 | ||
|---|---|---|---|
| 999 |
_c4293 _d4293 |
||
| 001 | 4293 | ||
| 003 | BD-JhCC | ||
| 005 | 20171125202619.0 | ||
| 008 | 951205s1964 -hkaa 000 1 eng d | ||
| 035 | _a(BD-JhCC)4293 | ||
| 040 |
_aBD-JhCC _dBD-JhCC |
||
| 041 | _aeng | ||
| 082 |
_a822.33 _bANS 1964 |
||
| 100 | 1 |
_aAnstey, F., _d1856-1934. |
|
| 245 | 1 | 0 |
_aVice versâ / _cby F. Anstey |
| 260 |
_aLondon : _bSmith, Elder, _c1882 |
||
| 300 |
_a71 p. ; _c20 cm. _bill. ; |
||
| 650 | _aEnglish Deama | ||
| 942 |
_2ddc _cBK |
||